000 00700nam a2200193Ia 4500
003 GCL
008 140319s9999 xx 000 0 ara d
040 _aGCL /
_cGCL
082 0 4 _a020
_bش ا
100 1 _aشعبان عبدالعزيز خليفة
245 1 0 _aاوراق الربيع فى المكتبات والمعلومات /
_cشعبان عبدالعزيز خليفة
260 _aالقاهرة :
_bالعربى للنشر والتوزيع ،
_c1989
300 _a283ص ؛
_c24 سم
490 _aدراسات فى الكتب والمعلومات
_v0
650 0 4 _aعلم المعلومات
650 0 4 _aعلم المكتبات
650 0 4 _aادب المكتبات
942 _2ddc
_cBK
999 _c27908
_d27908